Введение в психологию бизнеса: учебное пособие

Bibliografiske detaljer
Hovedforfatter: Иванова Н. Л. Наталья Львовна
Institution som forfatter: Высшая школа экономики (ГУ-ВШЭ)
Andre forfattere: Михайлова Е. В. Елена Витальевна, Штроо В. А. Владимир Артурович
Summary:В учебном пособии рассматриваются следующие темы: психология бизнеса в контексте развития бизнеса и психологической науки, организация как инструмент бизнеса, принятие решений в бизнесе, бизнес как социальный институт, психология успеха в бизнесе, практическая работа психолога в бизнесе. При подготовке пособия учтен многолетний опыт работы авторов в качестве исследователей, консультантов, тренеров, организаторов учебных программ с бизнес-организациями и представителями бизнеса. Для студентов-психологов, а также специалистов, осуществляющих психологическое сопровождение работы бизнес-организаций и их собственников.
Sprog:russisk
Udgivet: Москва, Изд. дом ГУ ВШЭ, 2008
Udgivelse:2-е изд.
Fag:
Format: Bog
KOHA link:https://koha.lib.tpu.ru/cgi-bin/koha/opac-detail.pl?biblionumber=143424

MARC

LEADER 00000nam0a2200000 4500
001 143424
005 20231101221027.0
010 |a 9785759804932  |b (в пер.)  |b 1500 экз. 
021 |a RU  |b 08-25387  |9 08-1393 
035 |a (RuTPU)RU\TPU\book\155424 
090 |a 143424 
100 |a 20080513d2008 m y0rusy5002 ca 
101 0 |a rus 
102 |a RU 
105 |a a j 001zy 
200 1 |a Введение в психологию бизнеса  |e учебное пособие  |f Н. Л. Иванова, Е. В. Михайлова, В. А. Штроо  |g Высшая школа экономики (ГУ-ВШЭ) 
205 |a 2-е изд. 
210 |a Москва  |c Изд. дом ГУ ВШЭ  |d 2008 
215 |a 471 с.  |c ил. 
320 |a Библиогр.: с. 449-454. 
330 |a В учебном пособии рассматриваются следующие темы: психология бизнеса в контексте развития бизнеса и психологической науки, организация как инструмент бизнеса, принятие решений в бизнесе, бизнес как социальный институт, психология успеха в бизнесе, практическая работа психолога в бизнесе. При подготовке пособия учтен многолетний опыт работы авторов в качестве исследователей, консультантов, тренеров, организаторов учебных программ с бизнес-организациями и представителями бизнеса. Для студентов-психологов, а также специалистов, осуществляющих психологическое сопровождение работы бизнес-организаций и их собственников. 
606 0 |a Предпринимательство  |x Психологические основы  |2 RuMRKP 
606 0 |a Организация управления  |x Психологические основы  |2 RuMRKP 
606 1 |a Бизнес  |x Психология  |2 stltpush  |3 (RuTPU)RU\TPU\subj\28636  |9 52151 
610 1 |a экономика 
610 1 |a бизнес 
610 1 |a психология 
610 1 |a личность 
610 1 |a группы 
610 1 |a коммуникации 
610 1 |a организационная культура 
610 1 |a организационные изменения 
610 1 |a принятие решений 
610 1 |a социальные институты 
610 1 |a социальная ответственность 
610 1 |a этика 
610 1 |a успех 
610 1 |a индивидуальность 
610 1 |a диагностика 
610 1 |a типология 
610 1 |a персонал 
610 1 |a клиенты 
610 1 |a деловое общение 
610 1 |a учебные пособия 
686 |a Ю949.3я73  |v LBC/SL-A  |2 rubbk 
700 1 |a Иванова  |b Н. Л.  |g Наталья Львовна 
701 1 |a Михайлова  |b Е. В.  |g Елена Витальевна 
701 1 |a Штроо  |b В. А.  |g Владимир Артурович 
712 0 2 |a Высшая школа экономики (ГУ-ВШЭ)  |c Государственный университет  |c (Москва)  |2 stltpush  |3 (RuTPU)RU\TPU\col\15 
801 1 |a RU  |b 63413507  |c 20080918  |g PSBO 
801 2 |a RU  |b 63413507  |c 20120423  |g PSBO 
900 |a Психологические основы коммерческой деятельности 
900 |a Психология делового общения 
900 |a Психология коммерции 
942 |c BK 
959 |a 73/20080716  |d 1  |e 220,60  |f ЧЗГЛ:1